Welcome to the Holygrace Academy Library

Please use search bar below to get started

CORPORATE,CHANAKYA (Record no. 5378)

MARC details
000 -LEADER
fixed length control field 00301nam a22001337a 4500
020 ## - INTERNATIONAL STANDARD BOOK NUMBER
ISBN 978-81-8495-133-2
082 ## - DEWEY DECIMAL CLASSIFICATION NUMBER
Classification number 158
Item number PIL/C
100 ## - MAIN ENTRY--AUTHOR NAME
Personal name PILLAI,RADHAKRISHNAN
245 ## - TITLE STATEMENT
Title CORPORATE,CHANAKYA
260 ## - PUBLICATION, DISTRIBUTION, ETC. (IMPRINT)
Place of publication INDIA
Name of publisher JAICO
300 ## - PHYSICAL DESCRIPTION
Number of Pages 317
650 ## - SUBJECT ADDED ENTRY--TOPICAL TERM
Topical Term PERSONALITY DEVELOPMENT
Geographic subdivision INDIA
942 ## - ADDED ENTRY ELEMENTS (KOHA)
Koha item type Books
Holdings
Withdrawn status Lost status Collection code Home library Current library Shelving location Date acquired Source of acquisition Cost, normal purchase price Full call number Accession Number Koha item type
    Reference Main Library Main Library SHELF-17H-PERSONALITY DEVELOPMENT BOOKS 18/09/2014 PURCHASE 299.00 158 PIL/C 07579 Books